Normal view
MARC view
Entry Personal Name
001 - CONTROL NUMBER
- control field: 46835
003 - CONTROL NUMBER IDENTIFIER
- control field: ARRUPE
005 - DATE AND TIME OF LATEST TRANSACTION
- control field: 20190710104813.0
008 - FIXED-LENGTH DATA ELEMENTS
- fixed length control field: 190710|| aca||aabn | a|a d
040 ## - CATALOGING SOURCE
- Original cataloging agency: ARRUPE
- Transcribing agency: ARRUPE
100 ## - HEADING--PERSONAL NAME
- Personal name: edited by Sam Moyo , Moyo, Sam
670 ## - SOURCE DATA FOUND
- Source citation: Work cat.: (ARRUPE)11672: Zimbabwe's environmental dilemma, 1991